Potenciales del uso de fauna silvestre en Colombia (Registro nro. 8109)
[ vista simple ]
| 000 -CABECERA | |
|---|---|
| Campo de control | 00787nam a22002177a 4500 |
| 005 - FECHA Y HORA DE LA ULTIMA TRANSACCION | |
| Campo de control | 20140214112147.0 |
| 008 - ELEMENTOS DE LONGITUD FIJA—INFORMACION GENERAL | |
| Campo de control | 140214b xxu||||| |||| 00| 0 spa d |
| 041 ## - IDIOMA | |
| Código de idioma para texto/pista de sonido o título separado | Español |
| 044 ## - PAÍS DE PUBLICACIÓN | |
| País de publicación | Colombia |
| 082 ## - NUMERO DE CLASIFICACION DECIMAL DEWEY | |
| Número de clasificación | 591.7 |
| Número del ítem | G98p |
| 100 1# - ASIENTO PRINCIPAL--NOMBRE PERSONAL | |
| Nombre personal | Gutierrez, Ruth |
| 245 10 - MENCION DE TITULO | |
| Título | Potenciales del uso de fauna silvestre en Colombia |
| Mención de responsabilidad | Ruth Gutiérrez... [et al]. |
| 260 ## - PUBLICACION, DISTRIBUCION, ETC. (PIE DE IMPRENTA) | |
| Lugar de publicación, distribución, etc. | Bogotá |
| Nombre del editor, distribuidor, etc. | Instituto de Investigación de Recursos Biológicos Alexander von Humboldt |
| -- | Ministerio del Medio Ambiente |
| Fecha de publicación, distribución, etc. | s.f. |
| 300 ## - DESCRIPCION FISICA | |
| Extensión | 36 p. |
| Otros detalles físicos | il. |
| Dimensiones | 22 cm. x 28 cm. |
| 650 ## - ASIENTO SECUNDARIO DE MATERIA - TERMINO TEMATICO | |
| Término temático o nombre geográfico como elemento de entrada | Fauna |
| Subdivisión geográfica | Colombia |
| 650 ## - ASIENTO SECUNDARIO DE MATERIA - TERMINO TEMATICO | |
| Término temático o nombre geográfico como elemento de entrada | Ecología animal |
| Subdivisión geográfica | Colombia |
| 650 #6 - ASIENTO SECUNDARIO DE MATERIA - TERMINO TEMATICO | |
| Término temático o nombre geográfico como elemento de entrada | Conservación de la vida silvestre |
| Subdivisión geográfica | Colombia |
| 700 1# - ASIENTO SECUNDARIO - NOMBRE PERSONAL | |
| Nombre personal | Martínez, Aleyda |
| 700 1# - ASIENTO SECUNDARIO - NOMBRE PERSONAL | |
| Nombre personal | Moreno, Rocío del Pilar |
| 942 ## - ELEMENTOS ADICIONALES (KOHA) | |
| Sistema de clasificación | Dewey Decimal Classification |
| Tipo de ítem | Impreso |
| Withdrawn status | Lost status | Sistema de Clasificación | Damaged status | No para préstamo | Colección | Ubicación Permanente | Ubicación actual | Fecha de adquisición | Total Checkouts | Número topográfico | Inventario / Código de Barras | Date last seen | Ejemplar | Price effective from | Tipo de material |
|---|---|---|---|---|---|---|---|---|---|---|---|---|---|---|---|
| Dewey Decimal Classification | Humboldt | Bogotá | Bogotá | 14/02/2014 | IAVH-591.7 G98p | 034014 | 14/02/2014 | Ej. 1 | 14/02/2014 | Libro | |||||
| Dewey Decimal Classification | Humboldt | Bogotá | Bogotá | 28/01/2020 | IAVH-591.7 G98p | 044027 | 28/01/2020 | Ej. 2 | 28/01/2020 | Libro |